00683cam a2200241 a 450000100060000000300080000600500170001400800390003102000150007003500190008504000320010404100080013608200170014410000200016124500610018125000120024226000370025430000470029150400530033865000140039165000160040570000200042115306BD-RjUL20211208235806.0140209s1990 ilua b 001 0 eng a0030275598 a(BD-RjUL)15360 aDLCcDLCdDLCdBD-RjULbeng aeng00a658219bBOC1 aBoone, Louis E.10aContemporary business /cLouis E. Boone, David L. Kurtz. a6th ed. aChicago :bDryden Press,cc1990. axxxvii,745, [43] p. :bcol. ill. ;c26 cm. aIncludes bibliographical references and indexes. 0aBusiness. 0aManagement.1 aKurtz, David L.